Central Library OPAC University of Rajshahi

উত্তর-রাঢ়ের লোকসঙ্গীত / (Record no. 59738)

MARC details
000 -LEADER
fixed length control field 00807nam a2200217 a 4500
001 - CONTROL NUMBER
control field 59738
003 - CONTROL NUMBER IDENTIFIER
rucl marc code BD-RjUL
005 - DATE AND TIME OF LATEST TRANSACTION
control field 20211209080750.0
008 - FIXED-LENGTH DATA ELEMENTS--GENERAL INFORMATION
fixed length control field 161227s1970 ii ||||| |||| 00| 0 ben d
035 ## - SYSTEM CONTROL NUMBER
System control number (BD-RjUL)59862
040 ## - CATALOGING SOURCE
Original cataloging agency BD-RjUL
Language of cataloging ben
Transcribing agency BD-RjUL
Modifying agency BD-RjUL
041 ## - LANGUAGE CODE
Language code of text/sound track or separate title ben
082 ## - DEWEY DECIMAL CLASSIFICATION NUMBER
Edition number 23
Classification number 782.42162
Author mark and year MUU 1970
100 ## - MAIN ENTRY--PERSONAL NAME
Personal name মুখোপাধ্যায়, দিলীপ
9 (RLIN) 177750
245 10 - TITLE STATEMENT
Title উত্তর-রাঢ়ের লোকসঙ্গীত /
Statement of responsibility, etc. দিলীপ মুখোপাধ্যায়
260 ## - PUBLICATION, DISTRIBUTION, ETC. (IMPRINT)
Place of publication, distribution, etc. কলিকাতা :
Name of publisher, distributor, etc. কল্যাণী প্রকাশন,
Date of publication, distribution, etc. ১৯৭০.
300 ## - PHYSICAL DESCRIPTION
Pagination [১৪], ১৪৪ পৃ. ;
Size ২১ সেমি.
650 ## - SUBJECT ADDED ENTRY--TOPICAL TERM
Topical term or geographic name as entry element লোকসঙ্গীত
9 (RLIN) 171326
Topical term or geographic name as entry element Folk Songs
9 (RLIN) 175744
942 ## - ADDED ENTRY ELEMENTS (KOHA)
Source of classification or shelving scheme Dewey Decimal Classification
Koha item type Books
Holdings
Lost status Source of classification or shelving scheme Damaged status Not for loan Collection code Permanent Location Current Location Shelving location Date acquired Source of acquisition Cost, normal purchase price Total Checkouts Full call number Date last seen Copy number Koha item type
  Dewey Decimal Classification   Not For Loan Non-fiction Central Library, University of Rajshahi Central Library, University of Rajshahi Reading Room 22/11/1974 India International, kolikata. 7.00   B 782.42162 MUU 1970 27/12/2016 C-1 Books